| 000 | 00341nam a22001457a 4500 | ||
|---|---|---|---|
| 003 | OSt | ||
| 005 | 20220216095035.0 | ||
| 008 | 220216b |||||||| |||| 00| 0 eng d | ||
| 020 | _a9788120309685 | ||
| 040 | _cH U | ||
| 082 |
_27th _a629.8 |
||
| 100 |
_aKuo Benjamin C, _930623 |
||
| 245 | _aAutomatic Control Systems | ||
| 942 |
_2ddc _cBOOKS _n0 |
||
| 999 |
_c30509 _d30509 |
||